| 000 | 02148cam a2200553 a 4500 | ||
|---|---|---|---|
| 001 | 21530 | ||
| 003 | VRT | ||
| 005 | 20260303152939.0 | ||
| 008 | 240226s2003 xo a jr 000 j slo | ||
| 015 | _aSNBA2004/03-02140 | ||
| 020 |
_a8055105375 _q(viazané) |
||
| 035 | _aSNK000408372 | ||
| 035 | _aurn:nbn:sk:snk-am3j105 | ||
| 035 | _a4017F071-D8DD-4339-9AD5-70CE0A2AF4AC | ||
| 035 | _aurn:nbn:sk:snk-am00geb8 | ||
| 039 | 9 |
_a202402261809 _bVLOAD _c202205091506 _dVLOAD _c202204221110 _dVLOAD _c202102251030 _dmsnk115 |
|
| 040 |
_aSNK _bslo _cSNK _eAACR2 |
||
| 041 | 0 | _aslo | |
| 044 |
_axo _cSK |
||
| 072 | 7 |
_a821.162.4-3 _xSlovenská próza _2konspekt |
|
| 072 | 7 |
_a821-93 _xLiteratúra pre deti a mládež (beletria) _2konspekt |
|
| 080 |
_a821.162.4-93 _21997 |
||
| 080 |
_a821.162.4-3(0.053.2) _21997 |
||
| 080 |
_a821.162.4-34 _22011 |
||
| 080 |
_a82-34:808.1 _22011 |
||
| 080 |
_a82-93-053.4/.5 _22011 |
||
| 100 | 1 |
_aMoric, Rudo, _d1921-1985 _4aut |
|
| 245 | 1 | 0 |
_aRozprávky z lesa _cRudo Moric ; [ilustroval Mirko Hanák ; doslov napísal Ondrej Sliacky] |
| 250 | _a1. vyd. | ||
| 260 |
_aBratislava _bIkar _c2003 |
||
| 300 |
_a142 strán _bfarebné ilustrácie _c22 cm |
||
| 490 | 1 | _aZlatý fond literatúry pre deti a mládež | |
| 500 | _aRozložené ilustrácie strane ; údaj o ilustrátorovi prevzatý z rubu titulnej strany | ||
| 655 | 7 |
_aliteratúra pre deti _2SNKPH |
|
| 655 | 7 |
_aliteratúra pre mládež _2SNKPH |
|
| 655 | 7 |
_aslovenské rozprávky _2SNKPH |
|
| 655 | 7 |
_aautorské rozprávky _2SNKPH |
|
| 700 | 1 |
_aHanák, Mirko, _d1921-1971 _4ill |
|
| 700 | 1 |
_aSliacky, Ondrej, _d1941- _4aft |
|
| 830 | 0 | _aZlatý fond literatúry pre deti a mládež | |
| 910 | _asnk | ||
| 942 |
_2ddc _cKLDE _n0 |
||
| 949 |
_62889046140 _asavukS 129533 |
||
| 949 |
_6270001000210256 _asvkbbB 34958 _bsvkbbm 648883 |
||
| 949 |
_617A0382633 _9P60, <04>, [BOOK], {604} _asnkSC 111504 D1 _bsnkKSP 5575/2003 |
||
| 949 |
_617A0382632 _9P60, <03>, [BOOK], {603} _asnkSC 111504 _bsnkKSP 5574/2003 _s6100:20210419 |
||
| 949 |
_6273K0118405 _asvkpoB 71470 _bsvkpo460154 _rPoškodená väzba |
||
| 949 |
_63869A18427 _abpksh821.162.4-93-3 _bbpksh69034 |
||
| 999 |
_c21530 _d21530 |
||